Normal view
MARC view
- Gusain, P P S
Entry Personal Name
001 - CONTROL NUMBER
- control field: 6336
003 - CONTROL NUMBER IDENTIFIER
- control field: OSt
005 - DATE AND TIME OF LATEST TRANSACTION
- control field: 20241030123441.0
008 - FIXED-LENGTH DATA ELEMENTS
- fixed length control field: 241030|| aca||aabn | a|a d
040 ## - CATALOGING SOURCE
- Original cataloging agency: OSt
- Transcribing agency: OSt
100 ## - HEADING--PERSONAL NAME
- Personal name: Gusain, P P S
670 ## - SOURCE DATA FOUND
- Source citation: Work cat.: (OSt)10270: Gusain, P P S ., Renewable energy in India / , 1990.
